[Event "9. Lichtenberger Sommer"]
[Site "Berlin"]
[Date "2010.08.09"]
[Round "3.75"]
[White "Große-Honebrink, Brigitte"]
[Black "Mitschke, Ullrich"]
[Result "1-0"]
[WhiteElo "1934"]
[BlackElo "1429"]
[PlyCount "67"]
[EventDate "2010.??.??"]
[WhiteTeam "SC Kreuzberg e.V."]
[BlackTeam "Queer-Springer SSV Berlin"]

1. d4 d5 2. Nf3 Nf6 3. c4 c6 4. Nc3 dxc4 5. a4 Bf5 6. e3 Nbd7 7. Bxc4 Qc7 8.
O-O e5 9. e4 Bg6 10. Be3 Be7 11. Bd3 O-O 12. h3 Rad8 13. Rc1 exd4 14. Bxd4 Qb8
15. Qe2 c5 16. Be3 Ne5 17. Nxe5 Qxe5 18. f4 Qh5 19. Qxh5 Nxh5 20. Bc4 h6 21.
Nd5 Rfe8 22. f5 Bh7 23. Bb5 b6 24. Rfd1 Kf8 25. Bxe8 Kxe8 26. Nxe7 Kxe7 27.
Rxd8 Kxd8 28. Rd1+ Kc8 29. g4 Nf6 30. e5 Nd7 31. Bf4 Bg8 32. Kf2 g6 33. Rd6
gxf5 34. Rxh6 1-0

[Event "9. Lichtenberger Sommer"]
[Site "Berlin"]
[Date "2010.08.09"]
[Round "3.76"]
[White "Kiesewetter, Peter"]
[Black "Glöß, Henrik"]
[Result "0-1"]
[WhiteElo "1887"]
[BlackElo "1678"]
[PlyCount "52"]
[EventDate "2010.??.??"]
[WhiteTeam "SC Schwarz-Weiß Lichtenrade e.V."]
[BlackTeam "Sfr.Nord-Ost Berlin"]

1. Nf3 d5 2. d4 Nf6 3. Bf4 g6 4. h3 Bg7 5. e3 c5 6. c3 cxd4 7. cxd4 Nc6 8. Nc3
Qa5 9. Be2 Ne4 10. Qb3 Nxc3 11. bxc3 O-O 12. O-O a6 13. Rfc1 Qd8 14. c4 dxc4
15. Qxc4 Be6 16. Qa4 Bd5 17. a3 Rc8 18. Rc5 b6 19. Rc3 Nxd4 20. exd4 Rxc3 21.
Bd2 Bxf3 22. Bxf3 Rd3 23. Be3 Bxd4 24. Bxd4 Qxd4 25. Qxd4 Rxd4 26. Rb1 b5 0-1

[Event "9. Lichtenberger Sommer"]
[Site "Berlin"]
[Date "2010.08.09"]
[Round "3.77"]
[White "Boeck, Rüdiger"]
[Black "Junghänel, Dieter"]
[Result "1-0"]
[WhiteElo "1779"]
[BlackElo "1714"]
[PlyCount "123"]
[EventDate "2010.??.??"]
[WhiteTeam "SC Weisse Dame Ulm e.V."]
[BlackTeam "SV Motor Wildau e.V."]

1. e4 d5 2. exd5 Qxd5 3. Nc3 Qa5 4. b4 Qe5+ 5. Be2 c6 6. Nf3 Qc7 7. Bb2 e6 8.
a3 Nf6 9. O-O a6 10. Ng5 Be7 11. Nce4 Nbd7 12. Bh5 g6 13. Bf3 O-O 14. h4 h6 15.
Nxf6+ Bxf6 16. Bxf6 Nxf6 17. Ne4 Nxe4 18. Bxe4 f5 19. Bd3 Qf7 20. Qf3 e5 21.
Qe3 Qg7 22. Rae1 Re8 23. Qc5 e4 24. Bc4+ Be6 25. Bxe6+ Rxe6 26. f3 Kh7 27. fxe4
Rae8 28. h5 Rxe4 29. hxg6+ Qxg6 30. Rxe4 fxe4 31. Qc4 Re7 32. Re1 Re8 33. Qd4
h5 34. Qd7+ Kh6 35. Qh3 Qg5 36. d3 e3 37. Qd7 Re7 38. Qd6+ Kh7 39. Re2 h4 40.
c4 Rg7 41. Qe6 Re7 42. Qh3 Kg6 43. Qf3 Qf5 44. Rxe3 Qxf3 45. Rxf3 Re1+ 46. Kf2
Ra1 47. Ke3 Rxa3 48. Kd4 b6 49. Rf2 Rb3 50. c5 b5 51. Ke5 Rxb4 52. Kd6 Rd4+ 53.
Kxc6 Rxd3 54. Kb7 a5 55. c6 b4 56. c7 Rc3 57. c8=Q Rxc8 58. Kxc8 a4 59. Rf4 b3
60. Rxa4 Kg5 61. Rb4 b2 62. Rxb2 1-0

[Event "9. Lichtenberger Sommer"]
[Site "Berlin"]
[Date "2010.08.09"]
[Round "3.78"]
[White "Kohlmeyer, Dagobert"]
[Black "Reichert, Lutz"]
[Result "1-0"]
[WhiteElo "1888"]
[BlackElo "1778"]
[PlyCount "41"]
[EventDate "2010.??.??"]
[WhiteTeam "SC Rochade e.V."]
[BlackTeam "Schwarz-Weiß Neukölln e.V."]

1. e4 g6 2. d4 Bg7 3. Nc3 d6 4. Nf3 Nf6 5. Bg5 O-O 6. Qd2 a6 7. O-O-O b5 8. a3
Bb7 9. Bd3 Nbd7 10. h3 c5 11. d5 c4 12. Be2 Nc5 13. Qe3 Qc7 14. Nd4 Rfe8 15. f3
Rab8 16. Bh6 Bc8 17. Bxg7 Kxg7 18. Nc6 Rb7 19. e5 Qb6 20. exf6+ Kxf6 21. Ne4+
1-0

[Event "9. Lichtenberger Sommer"]
[Site "Berlin"]
[Date "2010.08.09"]
[Round "3.79"]
[White "Westphal, Julian"]
[Black "Würsig, Mathias"]
[Result "0-1"]
[WhiteElo "1698"]
[BlackElo "1868"]
[PlyCount "72"]
[EventDate "2010.??.??"]
[WhiteTeam "TSG Oberschöneweide e.V."]
[BlackTeam "SV Blau-Gelb 1899 Hosena e.V."]

1. d4 Nf6 2. c4 g6 3. Nc3 Bg7 4. e4 d6 5. f4 e6 6. Be2 Nc6 7. d5 exd5 8. exd5
Ne7 9. Nf3 O-O 10. O-O Nf5 11. Bd3 c6 12. dxc6 bxc6 13. Bxf5 Bxf5 14. Nd4 Be4
15. Nxe4 Nxe4 16. Qd3 Re8 17. Be3 Qd7 18. f5 Rab8 19. fxg6 hxg6 20. Rab1 Re7
21. Nb3 Rbe8 22. Bd4 Bxd4+ 23. Qxd4 c5 24. Qd3 Ng5 25. Rbd1 Qg4 26. Qg3 Qxg3
27. hxg3 Kg7 28. Rxd6 Re2 29. Ra6 Rxb2 30. Nc1 Rd8 31. Nb3 Rd3 32. Nxc5 Rdd2
33. Rc1 Rxg2+ 34. Kf1 Rbf2+ 35. Ke1 Nf3+ 36. Kd1 Rg1# 0-1

[Event "9. Lichtenberger Sommer"]
[Site "Berlin"]
[Date "2010.08.09"]
[Round "3.80"]
[White "Krawatzki, Armin"]
[Black "Kaufmann, Mathias"]
[Result "1-0"]
[WhiteElo "1825"]
[BlackElo "1569"]
[PlyCount "47"]
[EventDate "2010.??.??"]
[WhiteTeam "SVG Läufer Reinickendorf e.V."]
[BlackTeam "vereinslos"]

1. Nf3 c5 2. g3 Nc6 3. Bg2 Nf6 4. d3 d5 5. O-O e6 6. Nbd2 Be7 7. e4 dxe4 8.
dxe4 Qc7 9. c3 O-O 10. Re1 Rd8 11. Qc2 Nd7 12. Nf1 Nde5 13. Bf4 Bd6 14. Bxe5
Nxe5 15. Rad1 Nxf3+ 16. Bxf3 e5 17. Ne3 Be6 18. c4 Be7 19. Nd5 Bxd5 20. exd5
Rab8 21. a4 Bg5 22. Qf5 f6 23. h4 g6 24. Qe6+ 1-0

[Event "9. Lichtenberger Sommer"]
[Site "Berlin"]
[Date "2010.08.09"]
[Round "3.81"]
[White "Radßat, Rene"]
[Black "Petersen, Moritz"]
[Result "1/2-1/2"]
[WhiteElo "1600"]
[BlackElo "1287"]
[PlyCount "118"]
[EventDate "2010.??.??"]
[WhiteTeam "SV Bad Schwartau von 1930"]
[BlackTeam "KSC Strausberg Abt. Schach"]

1. Nc3 d5 2. e4 e6 3. d4 dxe4 4. Nxe4 Nd7 5. Nf3 b6 6. Bc4 Bb7 7. Nc3 Ngf6 8.
O-O Be7 9. d5 exd5 10. Nxd5 Nxd5 11. Bxd5 c6 12. Bc4 O-O 13. Bf4 Nf6 14. Re1
Qxd1 15. Raxd1 Rfe8 16. h3 h6 17. Nd4 Bc5 18. Nf5 Rad8 19. Rxe8+ Rxe8 20. Nd6
Bxd6 21. Rxd6 c5 22. Bd3 Be4 23. Kf1 Bxd3+ 24. Rxd3 Kf8 25. Bd6+ Kg8 26. Bf4
Kf8 27. b3 Kg8 28. c4 Kf8 29. f3 Kg8 30. Re3 Rd8 31. Ke2 Kf8 32. Rd3 Re8+ 33.
Kd2 Kg8 34. Re3 Rd8+ 35. Ke2 Kf8 36. g4 Rd7 37. Rd3 Re7+ 38. Kd2 Re8 39. Rd6
Ng8 40. Rd7 Ra8 41. Rb7 Ne7 42. Rb8+ Rxb8 43. Bxb8 Nc6 44. Bd6+ Ke8 45. f4 g6
46. Kc3 Kd7 47. Bf8 h5 48. g5 Ke6 49. Kd2 Kf5 50. Ke3 Nb4 51. Bd6 f6 52. gxf6
Kxf6 53. Ke4 Ke6 54. Bb8 Nc6 55. Bc7 Nb4 56. a3 Nc6 57. h4 Na5 58. Bb8 Nc6 59.
Be5 Na5 1/2-1/2

[Event "9. Lichtenberger Sommer"]
[Site "Berlin"]
[Date "2010.08.09"]
[Round "3.82"]
[White "Werninghaus, Klaus Peter"]
[Black "Kuhn, Christian"]
[Result "0-1"]
[WhiteElo "1636"]
[BlackElo "2009"]
[PlyCount "50"]
[EventDate "2010.??.??"]
[WhiteTeam "Dortmunder Schachverein 1875"]
[BlackTeam "TSV Amorbach 1863 e.V."]

1. c4 Nf6 2. Nc3 c5 3. Nf3 d5 4. cxd5 Nxd5 5. e4 Nc7 6. Be2 Nc6 7. O-O e5 8. d3
Be7 9. b3 O-O 10. Bb2 f6 11. Qc2 Be6 12. a4 Na6 13. Rfd1 Na5 14. Nd2 Nb4 15.
Qb1 Nxb3 16. Nxb3 Bxb3 17. Rd2 Be6 18. Ba3 Rc8 19. Bxb4 cxb4 20. Na2 a5 21. Bd1
Bc5 22. Nc1 Bd4 23. Raa2 Bxa2 24. Qxa2+ Kh8 25. Ne2 Bc3 0-1

[Event "9. Lichtenberger Sommer"]
[Site "Berlin"]
[Date "2010.08.09"]
[Round "3.83"]
[White "Getzuhn, Detlef"]
[Black "Hübner, Alan-Ari"]
[Result "1/2-1/2"]
[WhiteElo "1934"]
[BlackElo "1558"]
[PlyCount "60"]
[EventDate "2010.??.??"]
[WhiteTeam "SV Senat"]
[BlackTeam "TuS Makkabi Berlin e.V."]

1. e4 c5 2. Nf3 d6 3. c4 Nc6 4. Nc3 g6 5. d4 Bg4 6. d5 Nd4 7. Be2 Bxf3 8. Bxf3
Bg7 9. O-O Nf6 10. Be3 Nd7 11. Be2 O-O 12. Qd2 Nxe2+ 13. Qxe2 a6 14. Rfc1 Qc8
15. h3 Nb6 16. b3 e6 17. dxe6 fxe6 18. Rab1 Qc6 19. f3 Rad8 20. Kh1 d5 21. cxd5
exd5 22. Nxd5 Nxd5 23. Rxc5 Nf4 24. Qc2 Qd6 25. Qc4+ Qe6 26. Bxf4 Qxc4 27. bxc4
Rxf4 28. Rxb7 Rf7 29. Rb3 Rd1+ 30. Kh2 Bh6 1/2-1/2

[Event "9. Lichtenberger Sommer"]
[Site "Berlin"]
[Date "2010.08.09"]
[Round "3.84"]
[White "Enis, Arpaci"]
[Black "Schulz, Toni"]
[Result "0-1"]
[WhiteElo "1400"]
[BlackElo "1857"]
[PlyCount "64"]
[EventDate "2010.??.??"]
[WhiteTeam "vereinslos"]
[BlackTeam "ESV Lok Raw Cottbus e.V."]

1. g3 d5 2. Bg2 c6 3. Nf3 Nf6 4. O-O Bg4 5. d3 Nbd7 6. Bf4 e6 7. Ne5 Be7 8.
Nxd7 Nxd7 9. f3 Bh5 10. Be3 Qc7 11. Nd2 O-O 12. c4 Nf6 13. Rc1 Rad8 14. cxd5
exd5 15. Bc5 Bxc5+ 16. Rxc5 Qb6 17. d4 Nd7 18. Rc3 Qxd4+ 19. e3 Qb6 20. Rb3 Qc7
21. Rd3 Rfe8 22. Qe1 Bg6 23. Rb3 Nc5 24. Rc3 Qb6 25. Qf2 Nd3 26. Qe2 Rxe3 27.
Qd1 Re1+ 28. Kh1 Rxd1 29. Rxd1 Nf2+ 30. Kg1 Nxd1+ 31. Kh1 Nf2+ 32. Kg1 Nh3+ 0-1

[Event "9. Lichtenberger Sommer"]
[Site "Berlin"]
[Date "2010.08.09"]
[Round "3.85"]
[White "Albinus, Günter"]
[Black "Berg, Gerd"]
[Result "1/2-1/2"]
[WhiteElo "1847"]
[BlackElo "1677"]
[PlyCount "52"]
[EventDate "2010.??.??"]
[WhiteTeam "SG Weißensee 49 e.V."]
[BlackTeam "SK König Tegel 1949 e.V."]

1. e4 c5 2. Nf3 d6 3. d4 cxd4 4. Nxd4 Nc6 5. Nc3 a6 6. Be2 e6 7. Bf3 Be7 8. Be3
Qc7 9. O-O Ne5 10. Be2 Nc4 11. Bc1 b5 12. Nf3 Bf6 13. Qd3 Ne5 14. Nxe5 Bxe5 15.
Bd2 Bb7 16. Bf3 Ne7 17. Nd1 O-O 18. Bc3 Ng6 19. g3 Rac8 20. Rc1 Rfd8 21. Bg2 d5
22. exd5 Bxd5 23. Bxd5 Rxd5 24. Qe2 Bxc3 25. Nxc3 Re5 26. Qf3 Rf5 1/2-1/2

[Event "9. Lichtenberger Sommer"]
[Site "Berlin"]
[Date "2010.08.09"]
[Round "3.86"]
[White "Brylski, Nils"]
[Black "Kießling, Beate"]
[Result "0-1"]
[WhiteElo "1396"]
[BlackElo "1699"]
[PlyCount "76"]
[EventDate "2010.??.??"]
[WhiteTeam "Peiner SV"]
[BlackTeam "Queer-Springer SSV Berlin"]

1. d4 f5 2. c4 Nf6 3. Nc3 e6 4. Nf3 Bb4 5. Bd2 b6 6. a3 Be7 7. e3 Bb7 8. Be2
O-O 9. O-O d6 10. Qc2 Nbd7 11. Ng5 Qe8 12. Nxe6 Qg6 13. Nf4 Qg5 14. d5 Nc5 15.
Bf3 Bc8 16. e4 Ng4 17. h3 Ne5 18. Qd1 fxe4 19. Be2 Qf5 20. b4 Ncd3 21. Nxd3
exd3 22. Bg4 Nxg4 23. Qxg4 Qxg4 24. hxg4 Bxg4 25. Nb5 Bf6 26. Rab1 h6 27. Nxc7
Rac8 28. Nb5 Rxc4 29. Nxd6 Rc2 30. Ne4 Bb2 31. f3 Bf5 32. Be3 Bxe4 33. fxe4
Rxf1+ 34. Kxf1 Re2 35. Bf4 Bd4 36. Bb8 Rf2+ 37. Ke1 d2+ 38. Kd1 Rf1+ 0-1

[Event "9. Lichtenberger Sommer"]
[Site "Berlin"]
[Date "2010.08.09"]
[Round "3.87"]
[White "Bensch, Wolfgang"]
[Black "Nopp, Josef"]
[Result "0-1"]
[WhiteElo "1694"]
[BlackElo "1775"]
[PlyCount "82"]
[EventDate "2010.??.??"]
[WhiteTeam "SC Eintracht Berlin e.V."]
[BlackTeam "SV Urfahr"]

1. e4 g6 2. d4 Bg7 3. c3 c6 4. Nf3 d6 5. h3 Nd7 6. Bf4 e5 7. dxe5 dxe5 8. Bg3
Qc7 9. Bd3 Ngf6 10. Nbd2 O-O 11. O-O Re8 12. Re1 b5 13. a4 Nc5 14. Bc2 Bb7 15.
b4 Ncd7 16. Nb3 a6 17. Qc1 Nh5 18. Bh2 h6 19. Qe3 Bf8 20. Red1 Kg7 21. Na5 Bc8
22. Nd4 c5 23. Ndc6 cxb4 24. Rxd7 Bxd7 25. g4 Bxc6 26. Nxc6 Qxc6 27. gxh5 Qxc3
28. Qxc3 bxc3 29. axb5 axb5 30. Rxa8 Rxa8 31. Bxe5+ f6 32. Bd4 Ra2 33. Bb3 c2
34. Bxc2 Rxc2 35. hxg6 Kxg6 36. Kg2 b4 37. Kf3 b3 38. Ke3 b2 39. Bxb2 Rxb2 40.
f3 Bd6 41. f4 Rb3+ 0-1

[Event "9. Lichtenberger Sommer"]
[Site "Berlin"]
[Date "2010.08.09"]
[Round "3.88"]
[White "Kornijenko, Alexander"]
[Black "Prix, Siegfried"]
[Result "0-1"]
[WhiteElo "1366"]
[BlackElo "1781"]
[PlyCount "82"]
[EventDate "2010.??.??"]
[WhiteTeam "vereinslos"]
[BlackTeam "Sfrd. Berlin 1903 e.V."]

1. e4 d5 2. exd5 Qxd5 3. Nc3 Qa5 4. d4 e5 5. Qe2 Bb4 6. Qxe5+ Qxe5+ 7. dxe5 Nc6
8. f4 Bf5 9. Bd3 Nge7 10. Bd2 Bxd3 11. cxd3 O-O-O 12. Ke2 Nd4+ 13. Kd1 Ndf5 14.
Kc2 Nd4+ 15. Kd1 Nef5 16. g4 Ne7 17. Ne4 Nec6 18. a3 Bxd2 19. Nxd2 Ne6 20. f5
Nc5 21. Kc2 Nxe5 22. h3 Ncxd3 23. Ngf3 f6 24. Rh2 Rhe8 25. Rd1 Nf4 26. Rf1 Nd5
27. Re2 Nxf3 28. Rxe8 Rxe8 29. Rxf3 c6 30. Nb3 Re2+ 31. Kb1 Re1+ 32. Ka2 b6 33.
Nd4 Kd7 34. Ne6 g5 35. Nf8+ Ke7 36. Nxh7 Kf7 37. h4 Kg7 38. hxg5 Kxh7 39. g6+
Kg8 40. Rh3 Re7 41. Kb3 Re3+ 0-1

[Event "9. Lichtenberger Sommer"]
[Site "Berlin"]
[Date "2010.08.09"]
[Round "3.89"]
[White "Ollek, Karl-Heinz"]
[Black "Stiewe, Frank"]
[Result "1-0"]
[WhiteElo "1838"]
[BlackElo "1379"]
[PlyCount "79"]
[EventDate "2010.??.??"]
[WhiteTeam "SC Friesen Lichtenberg e.V."]
[BlackTeam "vereinslos"]

1. c4 e5 2. Nc3 Nf6 3. g3 d5 4. cxd5 Nxd5 5. Bg2 Nxc3 6. bxc3 Bc5 7. Nf3 Qf6 8.
d3 O-O 9. O-O Re8 10. Nd2 Nd7 11. Ne4 Qb6 12. Qc2 c6 13. Rb1 Qc7 14. Nxc5 Nxc5
15. d4 Ne6 16. e3 g6 17. Bb2 Ng7 18. Rbc1 Be6 19. c4 Rad8 20. Qa4 exd4 21. exd4
a6 22. d5 Bd7 23. Qa3 Nf5 24. Qc3 f6 25. Qxf6 Qd6 26. Qh8+ Kf7 27. Qxh7+ Kf8
28. c5 Qe7 29. Qxg6 Qf7 30. Qxf7+ Kxf7 31. Rfe1 Rg8 32. d6 Be6 33. Bh3 Rg5 34.
Bxf5 Rxf5 35. h4 Rd7 36. a3 Rh5 37. Re4 Rh6 38. Rce1 Rd8 39. Bc1 Rg6 40. h5 1-0

[Event "9. Lichtenberger Sommer"]
[Site "Berlin"]
[Date "2010.08.09"]
[Round "3.90"]
[White "Paris, Gerhard"]
[Black "Yilmaz, Rahmi"]
[Result "0-1"]
[WhiteElo "1654"]
[BlackElo "1556"]
[PlyCount "84"]
[EventDate "2010.??.??"]
[WhiteTeam "TSG Oberschöneweide e.V."]
[BlackTeam "BSC Rehberge 1945 e.V."]

1. e4 c5 2. Nc3 e6 3. g3 Nc6 4. Bg2 g6 5. d3 Bg7 6. Nge2 Nge7 7. Bg5 O-O 8. Qd2
Re8 9. h4 Ne5 10. h5 f6 11. Be3 c4 12. hxg6 N7xg6 13. Bh6 Re7 14. Bxg7 Rxg7 15.
d4 Nf7 16. O-O-O Qa5 17. a3 Rb8 18. Na2 Qxd2+ 19. Kxd2 e5 20. Kc1 b5 21. Nac3
Ne7 22. Rh2 a5 23. dxe5 Nxe5 24. Bh3 b4 25. axb4 axb4 26. Nd5 Nxd5 27. Rxd5 b3
28. f4 Ng4 29. Bxg4 Rxg4 30. Rdh5 Rg7 31. c3 Ra8 32. Kd2 Ra2 33. Kc1 Ra1+ 34.
Kd2 Rb1 35. Rh1 Rxb2+ 36. Ke3 d6 37. Rd1 Bg4 38. Ra5 Rxe2+ 39. Kd4 Rxe4+ 40.
Kxe4 Bxd1 41. Kd5 Rb7 42. Ke6 Kg7 0-1

[Event "9. Lichtenberger Sommer"]
[Site "Berlin"]
[Date "2010.08.09"]
[Round "3.91"]
[White "Kasper, Peter"]
[Black "Wierzbicki, Jirawat"]
[Result "1-0"]
[WhiteElo "1846"]
[BlackElo "1419"]
[PlyCount "65"]
[EventDate "2010.??.??"]
[WhiteTeam "SG Eckturm"]
[BlackTeam "SG Grün-Weiß Baumschulenweg e.V."]

1. e4 c5 2. Nf3 d6 3. d4 cxd4 4. c3 d3 5. Bxd3 Nf6 6. h3 e6 7. Qc2 Nc6 8. O-O
Qc7 9. Na3 a6 10. Nc4 b5 11. Ne3 Bb7 12. a4 Qa5 13. b4 Qb6 14. axb5 axb5 15.
Rxa8+ Bxa8 16. Qe2 Na7 17. Nc2 e5 18. Be3 Qb7 19. Bxa7 Qxa7 20. Bxb5+ Nd7 21.
Ra1 Qb7 22. Qc4 Qxe4 23. Qc8+ Ke7 24. Qxd7+ Kf6 25. Ne3 h5 26. Rxa8 Qxa8 27.
Bc4 Qa1+ 28. Kh2 Kg6 29. Qf5+ Kh6 30. Qg5+ Kh7 31. Qxh5+ Kg8 32. Qxf7+ Kh7 33.
Qh5# 1-0

[Event "9. Lichtenberger Sommer"]
[Site "Berlin"]
[Date "2010.08.09"]
[Round "3.92"]
[White "Pillath, Marcus"]
[Black "Mildenberger, Hans"]
[Result "0-1"]
[WhiteElo "1728"]
[BlackElo "1625"]
[PlyCount "48"]
[EventDate "2010.??.??"]
[WhiteTeam "SGem Vaihingen-Rohr"]
[BlackTeam "BVG Helmholz"]

1. d4 Nf6 2. Bg5 e6 3. c3 d5 4. Nf3 Be7 5. Nbd2 Nbd7 6. e3 O-O 7. h3 Re8 8. Qb3
a6 9. Bd3 c5 10. dxc5 Nxc5 11. Qc2 Nxd3+ 12. Qxd3 Bd7 13. Rc1 Bb5 14. c4 dxc4
15. Qxd8 Rexd8 16. Nxc4 Bb4+ 17. Kf1 Bxc4+ 18. Kg1 Bxa2 19. Kh2 Bb3 20. Rc7 Rd7
21. Rhc1 Rxc7 22. Rxc7 b5 23. Ne5 Nd5 24. Rd7 f6 0-1

[Event "9. Lichtenberger Sommer"]
[Site "Berlin"]
[Date "2010.08.09"]
[Round "3.93"]
[White "Kammler, Hans-Joachim"]
[Black "Völler, Lothar"]
[Result "1-0"]
[WhiteElo "1292"]
[BlackElo "1533"]
[PlyCount "46"]
[EventDate "2010.??.??"]
[WhiteTeam "SG Eckturm"]
[BlackTeam "Freier Sportverein von 1898 Dort"]

1. e4 e5 2. Nf3 Nc6 3. Bb5 Bc5 4. c3 f5 5. Bxc6 fxe4 6. Bxe4 d5 7. Bc2 e4 8.
Ne5 Qf6 9. O-O Qxe5 10. d4 Bxd4 11. Qxd4 Qxd4 12. cxd4 Ne7 13. Bg5 Nc6 14. Ba4
O-O 15. Be3 Nb4 16. Nc3 c6 17. a3 Na6 18. b4 b5 19. Bb3 Rf6 20. Nxd5 cxd5 21.
Bxd5+ Kh8 22. Bxa8 Bf5 23. Rac1 Nc7 1-0

[Event "9. Lichtenberger Sommer"]
[Site "Berlin"]
[Date "2010.08.09"]
[Round "3.94"]
[White "Bullig, Reinhard"]
[Black "Schmitt, Jens-Ole"]
[Result "1/2-1/2"]
[WhiteElo "1717"]
[BlackElo "1339"]
[PlyCount "85"]
[EventDate "2010.??.??"]
[WhiteTeam "Sfrd. Berlin 1903 e.V."]
[BlackTeam "vereinslos"]

1. d4 Nf6 2. c4 e6 3. Nf3 b6 4. g3 Bb7 5. Bg2 c5 6. e3 d5 7. cxd5 Nxd5 8. O-O
Nd7 9. Nc3 N7f6 10. Nxd5 Bxd5 11. dxc5 Bxc5 12. Ne5 O-O 13. Bxd5 Qxd5 14. Qxd5
Nxd5 15. b3 Rfd8 16. Bb2 Rac8 17. Nf3 Nb4 18. Bd4 Nc2 19. Rad1 Nxd4 20. Nxd4
Bxd4 21. exd4 Rc2 22. Kg2 Rxa2 23. Ra1 Rxa1 24. Rxa1 a5 25. Rd1 Rd5 26. Kf3 b5
27. Rc1 g6 28. Ke3 a4 29. bxa4 bxa4 30. Rc8+ Kg7 31. Ra8 e5 32. Rxa4 exd4+ 33.
Rxd4 Rxd4 34. Kxd4 Kf6 35. Ke4 Kg5 36. Kf3 h5 37. h3 Kf5 38. g4+ hxg4+ 39.
hxg4+ Ke5 40. Ke3 g5 41. f3 f6 42. f4+ gxf4+ 43. Kf3 1/2-1/2

[Event "9. Lichtenberger Sommer"]
[Site "Berlin"]
[Date "2010.08.09"]
[Round "3.95"]
[White "Heldt, Ronny"]
[Black "Jiranek, Benno"]
[Result "1-0"]
[WhiteElo "1611"]
[BlackElo "1399"]
[PlyCount "117"]
[EventDate "2010.??.??"]
[WhiteTeam "SC Kreuzberg e.V."]
[BlackTeam "SC Kreuzberg e.V."]

1. d4 Nf6 2. c4 g6 3. Nf3 d5 4. cxd5 Nxd5 5. Nc3 c6 6. g3 Bg7 7. Bg2 Bg4 8. O-O
O-O 9. h3 Bc8 10. e4 Nc7 11. Be3 e6 12. Qc2 Qe7 13. Rfd1 Rd8 14. Rac1 b6 15.
Qb3 Bb7 16. a4 Nd7 17. a5 Rab8 18. axb6 axb6 19. Na4 c5 20. dxc5 bxc5 21. Bxc5
Nxc5 22. Nxc5 Bd5 23. Qe3 Bc6 24. Nd3 Ba4 25. Rd2 Rb3 26. Qc5 Qxc5 27. Nxc5
Rxb2 28. Nxa4 Rbxd2 29. Nxd2 Nb5 30. Nc5 Rc8 31. Nd3 Rxc1+ 32. Nxc1 Bb2 33. Nd3
Nd4 34. Kf1 Bc3 35. Nf3 Nb3 36. Ke2 f6 37. Nf4 Kf7 38. Kd3 Ba1 39. Kc4 Na5+ 40.
Kb4 Nb7 41. Bf1 Nd6 42. Bd3 f5 43. e5 Ne4 44. Bc4 Nxf2 45. Bxe6+ Ke7 46. Bg8 g5
47. Nd5+ Kf8 48. e6 Nd3+ 49. Kc4 Ne5+ 50. Nxe5 Bxe5 51. Bxh7 f4 52. Bg6 Bd6 53.
gxf4 gxf4 54. Bh5 Kg7 55. h4 Kh6 56. Bf3 Kg7 57. e7 Bxe7 58. Nxe7 Kf7 59. Nd5
1-0

[Event "9. Lichtenberger Sommer"]
[Site "Berlin"]
[Date "2010.08.09"]
[Round "3.96"]
[White "Scheck, Gero"]
[Black "Becker, Uwe"]
[Result "1-0"]
[WhiteElo "1267"]
[BlackElo "1801"]
[PlyCount "113"]
[EventDate "2010.??.??"]
[WhiteTeam "TSG Oberschöneweide e.V."]
[BlackTeam "SV Glück auf Rüdersdorf e.V."]

1. Nc3 d6 2. d4 Nf6 3. e4 Nbd7 4. Nf3 e5 5. dxe5 dxe5 6. Bc4 Be7 7. O-O O-O 8.
Re1 c6 9. a3 Qc7 10. Bg5 h6 11. Bh4 b5 12. Bb3 Nb6 13. Bg3 Bd6 14. Qd2 Bg4 15.
Rad1 Rad8 16. Re3 Nh5 17. Rd3 Bxf3 18. Rxf3 Bxa3 19. Bxe5 Rxd2 20. Bxc7 Rxd1+
21. Nxd1 Bc5 22. Rf5 Nd7 23. Rxh5 Kh7 24. Bf4 f6 25. Be3 Bd6 26. c3 a5 27. Bc2
Kg8 28. Bb3+ Kh7 29. Bc2 Kg8 30. f4 a4 31. b4 a3 32. Bb3+ Kh8 33. Bc1 Ra8 34.
Ba2 Nb6 35. Rh3 Nc4 36. Kf1 Bc7 37. Ke2 Re8 38. Kd3 Rd8+ 39. Kc2 Nb6 40. Bxa3
Bxf4 41. Bc1 Be5 42. g3 Ra8 43. Bb3 Bd6 44. Bf4 Be7 45. e5 fxe5 46. Bxe5 Kh7
47. Bd4 Nd7 48. Be6 Nf8 49. Bf5+ Kg8 50. Be4 Rc8 51. Rh5 Ne6 52. Re5 Nxd4+ 53.
cxd4 Bxb4 54. Re6 c5 55. Rc6 Re8 56. Bd5+ Kf8 57. dxc5 1-0

[Event "9. Lichtenberger Sommer"]
[Site "Berlin"]
[Date "2010.08.09"]
[Round "3.97"]
[White "Schneider, Eckehard"]
[Black "Schacht, Thomas"]
[Result "1-0"]
[WhiteElo "1762"]
[BlackElo "1699"]
[PlyCount "53"]
[EventDate "2010.??.??"]
[WhiteTeam "Sfrd. Berlin 1903 e.V."]
[BlackTeam "BSV 63 Chemie Weißensee"]

1. e4 e5 2. Nf3 Nc6 3. d4 exd4 4. Nxd4 Nf6 5. Nxc6 bxc6 6. Bd3 d5 7. e5 Qe7 8.
O-O Ne4 9. Re1 Nc5 10. Bf1 Qe6 11. Nd2 Be7 12. Nf3 O-O 13. Nd4 Qg6 14. Re3 Ne4
15. f3 Nc5 16. b4 Na4 17. c4 dxc4 18. Qxa4 Bd7 19. Qc2 Bxb4 20. Qxc4 Rab8 21.
Bd3 Qg5 22. e6 fxe6 23. Nxe6 Qd5 24. Nxf8 Kxf8 25. Qf4+ Kg8 26. Bc4 Bd6 27.
Bxd5+ 1-0

[Event "9. Lichtenberger Sommer"]
[Site "Berlin"]
[Date "2010.08.09"]
[Round "3.98"]
[White "Heyne, Klaus"]
[Black "Bauer, Stefan"]
[Result "1/2-1/2"]
[WhiteElo "1479"]
[BlackElo "1684"]
[PlyCount "53"]
[EventDate "2010.??.??"]
[WhiteTeam "SV Berolina Mitte e.V."]
[BlackTeam "SC Kreuzberg e.V."]

1. d4 Nf6 2. c4 e6 3. Bg5 Be7 4. Bxf6 Bxf6 5. e3 O-O 6. Nf3 c5 7. Nc3 cxd4 8.
exd4 Re8 9. Be2 d5 10. c5 a6 11. O-O Nc6 12. a3 Rb8 13. Rc1 Bd7 14. b4 Ne7 15.
Re1 b5 16. Bd3 a5 17. Qe2 axb4 18. axb4 Nc6 19. Nxb5 Nxb4 20. Nd6 Rf8 21. Bb5
Nc6 22. Bxc6 Bxc6 23. Rb1 Qc7 24. Rb2 Qa7 25. Ra2 Qc7 26. Rb2 Qa7 27. Ra2
1/2-1/2

[Event "9. Lichtenberger Sommer"]
[Site "Berlin"]
[Date "2010.08.09"]
[Round "3.99"]
[White "Mako, Attila"]
[Black "Trotzke, Johannes"]
[Result "1-0"]
[WhiteElo "1747"]
[BlackElo "1234"]
[PlyCount "63"]
[EventDate "2010.??.??"]
[WhiteTeam "BSC Rehberge 1945 e.V."]
[BlackTeam "KSC Strausberg Abt. Schach"]

1. d4 d5 2. Bf4 Nf6 3. Nf3 Bf5 4. e3 e6 5. Nh4 Nc6 6. Nxf5 exf5 7. Nc3 Bb4 8.
a3 Bxc3+ 9. bxc3 Ne4 10. c4 Ne7 11. f3 Nd6 12. c5 Ndc8 13. Bd3 O-O 14. O-O Re8
15. Bg5 f6 16. Bh4 Ng6 17. Bf2 Qd7 18. c3 b6 19. Qb3 bxc5 20. dxc5 Nce7 21. Bb5
c6 22. Bd3 Rab8 23. Qc2 Rb7 24. Ba6 Rbb8 25. Rfd1 Qe6 26. Rd4 Red8 27. Rad1 Re8
28. Bd3 Rb7 29. Ba6 Rbb8 30. c4 dxc4 31. Bxc4 Nd5 32. Rxd5 1-0

[Event "9. Lichtenberger Sommer"]
[Site "Berlin"]
[Date "2010.08.09"]
[Round "3.100"]
[White "Blasig, Thomas"]
[Black "Winz, Michael"]
[Result "0-1"]
[WhiteElo "1109"]
[BlackElo "1697"]
[PlyCount "150"]
[EventDate "2010.??.??"]
[WhiteTeam "SC Kreuzberg e.V."]
[BlackTeam "SC Friesen Lichtenberg e.V."]

1. e4 e5 2. f4 exf4 3. Nf3 d6 4. Bc4 Be7 5. d4 Bh4+ 6. Nxh4 Qxh4+ 7. Kf1 Nc6 8.
Bb5 a6 9. Bxc6+ bxc6 10. Qe1 Qf6 11. e5 dxe5 12. Qxe5+ Qxe5 13. dxe5 g5 14. h4
Ne7 15. hxg5 Ng6 16. Kf2 Bf5 17. c4 O-O-O 18. Re1 Rhe8 19. b3 Nxe5 20. Kf1 Nd3
21. Rxe8 Rxe8 22. Bd2 Rg8 23. Nc3 Rxg5 24. Ne2 Rh5 25. Kg1 f3 26. Ng3 f2+ 27.
Kf1 Rh4 28. Ke2 Bg6 29. Be3 Rh2 30. Nh1 Rxg2 31. Nxf2 Nxf2 32. Bxf2 Bd3+ 33.
Ke3 Bg6 34. Kf3 Rg5 35. Be3 Rf5+ 36. Bf4 Rh5 37. Kg3 Ra5 38. a4 h5 39. Re1 Bc2
40. Re7 Bxb3 41. Rxc7+ Kd8 42. Rxf7 Bxc4 43. Bc7+ Ke8 44. Bxa5 Kxf7 45. Bb6 Bd5
46. Kh4 Bf3 47. a5 Ke6 48. Kg3 Bg4 49. Kf2 Kd5 50. Ke3 c5 51. Bd8 c4 52. Bh4
Kc5 53. Be1 Kb5 54. Kd4 Be6 55. Ke5 Bf7 56. Kd4 Ka4 57. Kc5 Kb3 58. Kd4 Ka4 59.
Kc5 Kb3 60. Kd4 Kb2 61. Bc3+ Kc2 62. Be1 Kd1 63. Bh4 Ke2 64. Kc3 Kf3 65. Be7
Kg4 66. Kb4 h4 67. Kc5 c3 68. Kb6 Bc4 69. Kc5 Be2 70. Kd4 c2 71. Ba3 h3 72. Ke3
Bd1 73. Kf2 Bf3 74. Kg1 Bg2 75. Bb2 Kf3 0-1